000 00755cam a22002774a 4500
001 16370654
005 20180314045821.0
008 100729s2011 paua fb 000 0 eng
010 _a 2010032323
020 _a9781582557359
020 _a1582557357
035 _a(DNLM)101537032
040 _aDNLM/DLC
_cDLC
_dDLC
041 _aeng
042 _apcc
060 1 0 _aWY 49
080 _a610.73 LYN
082 0 0 _a610.73 LYN
_222
100 1 _a1
101 _aINF
245 1 0 _aTaylor's handbook of clinical nursing skills /
_cPamela Lynn.
246 1 3 _aHandbook of clinical nursing skills
906 _a7
_bcbc
_corignew
_d1
_eecip
_f20
_gy-gencatlg
942 _2ddc
_cBK
999 _c44964
_d44964